| 000 | 00391nam a2200157Ia 4500 | ||
|---|---|---|---|
| 008 | 230917s9999||||xx |||||||||||||| ||und|| | ||
| 040 |
_e101574 _aMAIN |
||
| 041 | _aEnglish | ||
| 082 | _a658.8 C473M | ||
| 100 | _aChurchill, Gilbert A | ||
| 245 | 0 | _aMarketing: Creaing value for customers | |
| 250 | _a2nd ed. | ||
| 260 |
_aBoston _bMcGraw-Hill _c1998 |
||
| 300 | _a630 p. | ||
| 942 | _cBK | ||
| 999 |
_c121836 _d121836 |
||